Introduction to electromagnetic theory
Saved in:
| Hovedforfatter: | |
|---|---|
| Format: | Bog |
| Sprog: | engelsk |
| Udgivet: |
Boston
Allyn and Bacon
1963
|
| Fag: | |
| Tags: |
Tilføj Tag
Ingen Tags, Vær først til at tagge denne postø!
|
MARC
| LEADER | 00000nam a2200000 a 4500 | ||
|---|---|---|---|
| 001 | UCG0990 | ||
| 003 | CL-VaPUC | ||
| 008 | 100415e19630000US |||||||||||||||||eng|d | ||
| 082 | 0 | 4 | |a 530.141 |b OWE |2 21 |
| 100 | |a Owen, George E. |e author |9 548715 | ||
| 245 | 1 | 0 | |a Introduction to electromagnetic theory |
| 300 | |a 506 p | ||
| 942 | |c BK | ||
| 945 | |d 20100415 00:00:00 |a dcastane | ||
| 260 | |a Boston |b Allyn and Bacon |c 1963 | ||
| 650 | 0 | |a Electromagnetismo |9 260123 | |
| 650 | 7 | |a CAMPOS MAGNETICOS |2 CL-VaPUC |9 548716 | |
| 650 | 7 | |a CAMPOS ELECTRICOS |2 CL-VaPUC |9 548717 | |
| 650 | 0 | |a Vectores |9 317184 | |
| 650 | 7 | |a CARGA ELECTRICA |2 CL-VaPUC |9 360158 | |
| 650 | 7 | |a POLARIDAD ELECTRICA |2 CL-VaPUC |9 360864 | |
| 583 | |a last modification |c 20131230 07:11:29 |k Rodrigo Vera | ||
| 999 | |c 340471 |d 340469 | ||
| 952 | |0 0 |1 0 |4 0 |6 530_141000000000000_OWE_1963 |7 0 |8 A |9 435241 |a BIBCUR |b BIBCUR |d 2019-11-22 |i 4648714 |l 1 |o 530.141 OWE 1963 |p 4648714 |r 2025-04-22 |s 2022-09-07 |w 2019-11-22 |y BK |k FIS | ||